Desempeño económico y política social en América Latina y el Caribe: los retos de la equidad, el desarrollo y la ciudadanía /

El texto gira en torno al tema del Estado de Bienestar Social, para ello se realiza una concisa exposición del estado del arte de la literatura reciente sobre el Estado de Bienestar social, con el objetivo de extraer lecciones, conceptos e instrumental metodológico que puedan ampliar las capacidades...

ver descrição completa

Na minha lista:
Detalhes bibliográficos
Autor principal: Sojo, Ana
Outros Autores: comp. Uthoff, Andras comp
Formato: Texto
Publicado em: Coyoacán: CEPAL. FLACSO
Assuntos:
Tags: Adicionar Tag
Sem tags, seja o primeiro a adicionar uma tag!

MARC

LEADER 00000 a a2200000 04500
001 37222
003
040
020 |a 970-996-705-3  
090 |a 0004 S683d  
100 |a Sojo, Ana  
245 |a Desempeño económico y política social en América Latina y el Caribe: los retos de la equidad, el desarrollo y la ciudadanía /  |c Ana Sojo 
260 |a Coyoacán:   |b CEPAL. FLACSO  
300 |a 501 p.  
520 |a El texto gira en torno al tema del Estado de Bienestar Social, para ello se realiza una concisa exposición del estado del arte de la literatura reciente sobre el Estado de Bienestar social, con el objetivo de extraer lecciones, conceptos e instrumental metodológico que puedan ampliar las capacidades analíticas sobre el tema en América Latina  
650 |a ESTADO  
650 |a POLITICA ECONOMICA  
650 |a POLITICA SOCIAL  
650 |a TEORIA SOCIAL  
650 |a AMERICA LATINA  
700 |a comp.   |a Uthoff, Andras   |a comp.  
999 |c 14715  |d 14715